Statistics for Guess The Oceania Flags Quiz

Click here to take the quiz!

General Stats

  • This quiz has been taken 10 times
  • The average score is 12 of 14

Answer Stats

Answer% Correct
Australia
100%
Federated States of Micronesia
100%
Fiji
100%
Kiribati
100%
Marshall Islands
100%
New Zealand
100%
Nauru
88%
Palau
88%
Tonga
88%
Samoa
75%
Tuvalu
75%
Solomon Islands
63%
Papau New Guinea
50%
Vanatu
25%

Score Distribution

Percentile by Number Answered

Percent of People with Each Score

Your Score History

You have not taken this quiz